Loading...
| Fine Arts - Classical Music | 8 | 15.00 | 3,413% | 500% | 225% |
| Fine Arts - Other | 7 | 21.43 | 4,657% | 429% | 671% |
| Fine Arts - Painting & Sculpture | 7 | 14.29 | 2,586% | 114% | 471% |
| History - American | 5 | 20.00 | 2,260% | 640% | 640% |
| History - European | 7 | 18.57 | 4,200% | 357% | 329% |
| History - Other | 10 | 18.00 | 3,190% | 470% | 400% |
| History - World | 6 | 16.67 | 4,433% | 350% | 183% |
| Literature - American | 10 | 18.00 | 4,280% | 170% | 470% |
| Literature - British | 7 | 15.71 | 2,986% | 543% | 343% |
| Literature - European | 10 | 15.00 | 3,090% | 320% | 350% |
| Literature - World | 7 | 15.71 | 2,829% | 214% | 486% |
| Mythology | 6 | 16.67 | 4,300% | 217% | 517% |
| Other | 5 | 14.00 | 1,700% | 260% | 400% |
| Philosophy | 8 | 16.25 | 1,513% | 313% | 463% |
| Religion | 9 | 13.33 | 544% | 589% | 333% |
| Science - Biology | 11 | 19.09 | 4,436% | 482% | 446% |
| Science - Chemistry | 7 | 18.57 | 3,714% | 543% | 443% |
| Science - Other | 5 | 18.00 | 3,580% | 600% | 300% |
| Science - Physics | 7 | 22.86 | 3,586% | 400% | 557% |
| Social Science | 7 | 15.71 | 2,886% | 243% | 443% |